| 000 | 00493nam a2200193Ia 4500 | ||
|---|---|---|---|
| 003 | GCL | ||
| 008 | 140319s9999 xx 000 0 eng d | ||
| 040 |
_aGCL / _cGCL |
||
| 082 | 0 | 4 |
_a523.2 _bJ O |
| 100 | 1 | _aRANA, NARAYAN CHANDRA | |
| 245 | 1 | 0 |
_aOUR SOLAR SYSTEM / _cRANA, NARAYAN CHANDRA |
| 700 | 1 | _aJOSHI, AVINASH WASVDEO | |
| 260 |
_a[S.N] : _bWILEY EASTERN LIMITED |
||
| 300 | _a141\P | ||
| 650 | 0 | 4 | _aASTRONOMY |
| 650 | 0 | 4 | _aSOLAR SYSTEM |
| 650 | 0 | 4 | _aASTROPHYSICS |
| 942 |
_2ddc _cBK |
||
| 999 |
_c20147 _d20147 |
||